| 000 | 01250pam a2200337 a 4500 | ||
|---|---|---|---|
| 001 | 016062844 | ||
| 003 | OSt | ||
| 005 | 20201128021036.0 | ||
| 008 | 120326t2012 xxkak frb 001 0 eng d | ||
| 020 | _a9780857934697 (cased) | ||
| 020 | _a0857934694 (cased) | ||
| 020 | _a9781781951897 (paperback) | ||
| 020 | _z9780857934703 (ebook) | ||
| 020 | _z0857934708 (ebook) | ||
| 040 |
_aStDuBDS _beng _cStDuBDS _dUk |
||
| 082 | 0 | 4 |
_a343.07 _222 _bENT |
| 245 | 0 | 0 |
_aEntrepreneurship and innovation in evolving economies : _bthe role of law / _cedited by Megan M. Carpenter. |
| 260 |
_aCheltenham, United Kingdom ; _aNorthampton, United States : _bEdward Elgar, _cc.2012 _f(MPG Books Group) |
||
| 300 |
_axv, 258 p. : _bforms, tables ; _c24 cm. |
||
| 490 | 0 | _aElgar law and entrepreneurship | |
| 500 | _aIndex : p. 247-258. | ||
| 504 | _aIncludes bibliographical references. | ||
| 650 | 0 |
_aLaw and economics _935740 |
|
| 650 | 0 |
_aNew business enterprises _xLaw and legislation _935741 |
|
| 650 | 0 |
_aSmall business _xLaw and legislation. _935742 _yLaw and legislation. |
|
| 650 | 0 |
_aEntrepreneurship _9240 |
|
| 653 |
_bBUSADM _cMarch2014 |
||
| 655 |
_vreading book _934232 |
||
| 700 | 1 |
_aCarpenter, Megan M. _935743 _eeditor. |
|
| 942 |
_2ddc _k343.07 ENT |
||
| 999 |
_c18144 _d18116 |
||